Coen Brothers Films - Statistics

General Stats
  • This quiz has been taken 83 times
    50 since last reset
  • The average score is 13 of 18
Answer Stats
Hint Answer % Correct
2007 No Country for Old Men
97%
1996 Fargo
95%
1990 Miller's Crossing
89%
1998 The Big Lebowski
89%
2008 Burn After Reading
78%
1984 Blood Simple
76%
2016 Hail, Caesar!
73%
1991 Barton Fink
70%
2013 Inside Llewyn Davis
70%
1987 Raising Arizona
70%
2010 True Grit
70%
2000 O Brother, Where Art Thou?
68%
2018 The Ballad of Buster Scruggs
68%
1994 The Hudsucker Proxy
68%
2004 The Ladykillers
65%
2009 A Serious Man
59%
2003 Intolerable Cruelty
57%
2001 The Man Who Wasn't There
54%
No matching quizzes found
Score Distribution
Percent of People with Each Score
Percentile by Number Answered
Your Score History
You have not taken this quiz since the last reset